Ajax : the definitive guide, interactive applications for the web (Record no. 191811)

MARC details
000 -LEADER
fixed length control field 00446nam a2200157Ia 4500
005 - DATE AND TIME OF LATEST TRANSACTION
control field 20250421134517.0
008 - FIXED-LENGTH DATA ELEMENTS--GENERAL INFORMATION
fixed length control field 231217s9999 xx 000 0 und d
020 ## - INTERNATIONAL STANDARD BOOK NUMBER
International Standard Book Number 9788184044898
082 ## - DEWEY DECIMAL CLASSIFICATION NUMBER
Classification number 005.133 HOL;2 R1
100 ## - MAIN ENTRY--PERSONAL NAME
Personal name Holdener III, Anthony T.
245 #0 - TITLE STATEMENT
Title Ajax : the definitive guide, interactive applications for the web
260 ## - PUBLICATION, DISTRIBUTION, ETC. (IMPRINT)
Date of publication, distribution, etc. 2008
Name of publisher, distributor, etc. Shroff
Place of publication, distribution, etc. Mumbai
300 ## - PHYSICAL DESCRIPTION
Extent xx, 957
650 ## - SUBJECT ADDED ENTRY--TOPICAL TERM
Topical term or geographic name as entry element Ajax,definitive,guide,
942 ## - ADDED ENTRY ELEMENTS (KOHA)
Koha item type Books
Holdings
Date last seen Total Checkouts Full call number Accession number Old discount Price effective from Category Lost status Damaged status Department Withdrawn status bill date Permanent Location Current Location Shelving location Entry date Grants Currency symbol Conversion rate Discount Discount type Cost, replacement price bill no. Vendor Cost, normal purchase price
26/01/2024   005.133 HOL;2 R1 77535   26/01/2024 Books     Central Library   26/12/2015 Central Library Central Library Central Library 07/03/2011 CS RS 1   Rupees        
26/01/2024   005.133 HOL;3 77536   26/01/2024 Books     CS   26/12/2015 Central Library Central Library Central Library 07/03/2011 CS RS 1   Rupees        
26/01/2024   005.133 HOL;4 79491 25 26/01/2024 Books     Central Library   05/09/2016 Central Library Central Library Central Library 19/08/2011 MCA RS 1 200 Rupees 600.00 65471 Book Paradise 800.00
26/01/2024   005.133 HOL;5 79492 25 26/01/2024 Books     Central Library   05/09/2016 Central Library Central Library Central Library 19/08/2011 MCA RS 1 200 Rupees 600.00 65471 Book Paradise 800.00
26/01/2024   005.133 HOL;6 79493 25 26/01/2024 Books     Central Library   05/09/2016 Central Library Central Library Central Library 19/08/2011 MCA RS 1 200 Rupees 600.00 65471 Book Paradise 800.00
26/01/2024   005.133 HOL;7 79494 25 26/01/2024 Books     Central Library   05/09/2016 Central Library Central Library Central Library 19/08/2011 MCA RS 1 200 Rupees 600.00 65471 Book Paradise 800.00
26/01/2024   005.133 HOL;8 79495 25 26/01/2024 Books     Central Library   05/09/2016 Central Library Central Library Central Library 19/08/2011 MCA RS 1 200 Rupees 600.00 65471 Book Paradise 800.00

© For any Suggestions or Query, please contact the library staff @ librarian@pes.edu or Phone: +9180 2672 1983/ 2108.